1010 1634 1198 1369 1166 1121 1000 1732 1330 1409 1592 1061 1271 1422 1802 1118 1657 1751 1799 1302 1901 1225 1563 1261 1981 1170 1338 1742 1467 1423 1875 1080 1293 1386 1951 1056 1112 1753 1238 1569 1684 1790 1971 1631 1696 1706 1596 1101 1617 1981 1177 1419 1318 1966 1185 1775 1273 1891 1097 1681 1576 1363 1173 1061 1954 1358 1078 1420 1949 1953 1921 1002 1293 1436 1416 1182 1503 1164 1010 1467 1267 1093 1602 1742 1901 1684 1423 1014 1580 1105 1567 1989 1834 1746 1377 1807 1037 1990 1415 BCNSPRNW ULIB Ver.6.0+V

เปลี่ยนเป็นภาษาไทย

Change to English
 แสดงรายละเอียดบรรณานุกรม
  กลับหน้าหลัก

Brief Record : Get Marc (ISO 2709) : E-mail record : QR code < ปิดหน้าต่าง
LEADER : 00000nam 2200000uu 4500
001    13399109311
003     ULIB
008    110329s2551||||th 000 0 tha d
020    9789744140555
050  4 JK421^bด896ว 2551
100 1  เดลี, ปีเตอร์ เอช.,^dค.ศ.1941-
245 10 90 วันอันตรายสำหรับผู้บริหารและผู้นำองค์กรภาครัฐ =^bThefirst 90 days in government /^cผู้เขียน, Peter H. Daly, Michael Wathins และ Cate Reavis ; แปลและเรียบเรียงโดย ณัฐยา สินตระการผล
246 30 The first 90 days in government
250    พิมพ์ครั้งที่ 1
260    กรุงเทพฯ :^bเอ็กซเปอร์เน็ท,^c2551
300    371 หน้า :^bภาพประกอบ ;^c24 ซม.
500    แปลจาก The first 90 days in government : critical successstrategies for new public managers at all levels / Peter H. Daly and Michael Watkins with Cate Reavis., c2006
650  7 การบริหารรัฐกิจ^zสหรัฐอเมริกา
650  7 ราชการพลเรือน^zสหรัฐอเมริกา
700 1  วัตกินส์, ไมเคิล,^dค.ศ.1956-
700 1  รี่วิส, เคท
700 0  ณัฐยา สินตระการผล,^eผู้แปล
700 12 Daly, Peter H..^tThe first 90 days in government
700 12 Wathins, Michael.^tThe first 90 days in government
700 12 Reavis, Cate.^tThe first 90 days in government
945    ^p340^l0^i029962
945    ^p340^l0^i029963
995    เกษร
999 ^a ใช้งานได้ทุกระบบ
รายการนี้ยังไม่มีแท็ก
คุณยังไม่ได้ล็อกอิน คุณสามารถมีกิจกรรมร่วมกับเว็บไซต์ได้ แต่ต้องล็อกอินก่อน ::
  ล็อกอิน

รายการสื่อสารสนเทศ

ลำดับที่ ประเภท เลขเรียก/บาร์โค้ด สถานที่ สถานะ
- ไม่พบข้อมูล -

BibComment


ยังไม่เคยถูกคอมเมนท์

คอมเมนท์ทรัพยากรรายการนี้
  คอมเมนท์: 90 วันอันตรายสำหร..


 Copyright 2026. Bcnsprnw @Library